书目信息 |
| 题名: |
案头山水
|
|
| 作者: | 陈友冰 著 | |
| 分册: | ||
| 出版信息: | 合肥 合肥工业大学出版社 2009.06 |
|
| 页数: | 311页 | |
| 开本: | 24cm | |
| 丛书名: | ||
| 单 册: | ||
| 中图分类: | I267 | |
| 科图分类: | ||
| 主题词: | 散文--san wen--中国--当代--作品集 | |
| 电子资源: | ||
| ISBN: | 978-7-81093-981-2 | |
| 000 | 00792nam0 2200229 450 | |
| 001 | 012009864300 | |
| 005 | 20100411191914.45 | |
| 010 | @a978-7-81093-981-2@dCNY28.00 | |
| 100 | @a20100411d2009 em y0chiy0120 ea | |
| 101 | 0 | @achi |
| 102 | @aCN@b340000 | |
| 105 | @aa z 000cy | |
| 106 | @ar | |
| 200 | 1 | @a案头山水@Aan tou shan shui@f陈友冰著@Fchen you bing zhu |
| 210 | @a合肥@c合肥工业大学出版社@d2009.06 | |
| 215 | @a311页@c图@d24cm | |
| 330 | @a本书内容包括:绵绵瓜瓞话周原;碣石千年话沧桑;诸葛亮与隆中风物;大漠孤烟与王维塞上之行;春雨霏霏访青莲;黄鹤楼头的悠悠别情——孟浩然、李白与黄鹤楼、扬州等。 | |
| 606 | 0 | @a散文@Asan wen@y中国@z当代@j作品集 |
| 690 | @aI267@v4 | |
| 701 | 0 | @a陈友冰@Achen you bing@4著 |
| 801 | 0 | @aCN@bQSSK@c20100411 |
| 905 | @b777306-08@dI267@eC620@f3 | |
| 案头山水/陈友冰著.-合肥:合肥工业大学出版社,2009.06 |
| 311页:图;24cm |
| ISBN 978-7-81093-981-2:CNY28.00 |
| 本书内容包括:绵绵瓜瓞话周原;碣石千年话沧桑;诸葛亮与隆中风物;大漠孤烟与王维塞上之行;春雨霏霏访青莲;黄鹤楼头的悠悠别情——孟浩然、李白与黄鹤楼、扬州等。 |
| ● |
| 相关链接 |
|
|
|
正题名:案头山水
索取号:I267/C620
 
预约/预借
| 序号 | 登录号 | 条形码 | 馆藏地/架位号 | 状态 | 备注 |
| 1 | 777306 | 207773060 | 文学库116/116文学库 3排1列4层/ [索取号:I267/C620] | 在馆 | |
| 2 | 777307 | 207773079 | 文学库116/116文学库 3排1列4层/ [索取号:I267/C620] | 在馆 | |
| 3 | 777308 | 207773088 | 社科二线422/116文学库 3排1列4层/ [索取号:I267/C620] | 在馆 |